Statistics for What the Water Gave Me Lyrics (Florence + the Machine)

Click here to take the quiz!

General Stats

  • This quiz has been taken 107 times
  • The average score is 198 of 229

Answer Stats

Lyrics% Correct
the
99%
water
99%
what
99%
gave
97%
me
97%
I
96%
so
96%
down
94%
a
93%
be
93%
lay
93%
that's
93%
and
92%
let
92%
of
92%
on
92%
us
92%
full
90%
it
90%
only
89%
sound
89%
you
89%
for
88%
overflow
88%
pockets
88%
stones
88%
to
88%
don't
86%
Time
86%
time
86%
oh
85%
take
85%
love
82%
my
82%
but
81%
took
81%
forsake
79%
between
76%
goes
76%
your
76%
holding
75%
two
75%
burden
74%
have
74%
in
74%
left
74%
was
74%
way
74%
all
72%
any
72%
beast
72%
cruel
72%
long
72%
other
72%
quicker
72%
she's
72%
been
71%
made
71%
this
71%
when
71%
would
71%
cause
69%
mistress
69%
must
69%
you've
69%
could
68%
forget
67%
are
65%
bargain
64%
loved
63%
ones
63%
poor
63%
rust
63%
ships
61%
Atlas
60%
exchange
60%
longing
60%
they
60%
returned
58%
them
58%
where
56%
world's
31%

Score Distribution

Percentile by Number Answered

Percent of People with Each Score

Your Score History

You have not taken this quiz